Responses for Show #4115 - Friday, June 21, 2002

Eric Floyd game 2.

Contestants

[<< previous game]

Muzy Huq, a freelance graphic artist from Los Angeles, California

Jodi Koehn, an editor from Rockville, Maryland

Eric Floyd, a college student from Calhoun, Georgia (whose 1-day cash winnings total $23,800)

[next game >>]

Jeopardy! Round responses

THE WHITE HOUSE
GRAMMY-WINNING COMEDY ALBUMS
CELEBRATE THE CENTURY STAMPS
STATE MOTTOES
KISS-AND-TELL
"HOT" STUFF
    $200 18
First Ladies

Eric
    $200 1
"Weird Al" Yankovic

Muzy
    $200 23
1960s

Eric
    $200 14
(Jodi: What is New Hampshire?)

Rhode Island

JodiMuzy
    $200 9
Faith Hill

Jodi
    $200 2
hot flashes

Eric
    $400 19
1600 Pennsylvania Avenue

Jodi
    $400 3
Robin Williams

Muzy
    $400 24
'20s

Muzy
    $400 15
Hawaii

Muzy
    $400 10
Amaretto

Jodi
    $400 4
hot rod

Jodi
    $600 20
(Eric: Who is Peale?)

Gilbert Stuart

Eric
Triple Stumper
    $600 6
(Muzy: Who are Conan O'Brien and Andy Richter?)

Mel Brooks & Carl Reiner

Muzy
Triple Stumper
    $600 26
1980s

Eric
    $600 16
Montana

Jodi
    $600 11
Lord Nelson

Triple Stumper
    $600 5
hot air balloons

Eric
    $800 21
Cleveland

Eric
    $800 29
(Muzy: Who is Denis Leary?)

Al Franken

Muzy
Triple Stumper
    $1,200 27
1970s

Eric
    $800 17
(Muzy: What is Alaska?)

Minnesota

EricMuzy
    $800 12
(Jodi: Who is Mickey Spillane?)
(Muzy: Who is Spade?)
...
(Alex: Who is Mickey Spillane's character, [*].)

Mike Hammer

JodiMuzy
Triple Stumper
    $800 7
Hot Shots

Muzy
    $1000 22
library

Triple Stumper
    $1000 30
George Carlin

Muzy
    $1000 28
(Eric: What are the aughts?)

teens (1910s)

EricMuzy
    $1000 25
Utah

Muzy
    $1000 13
(Eric: Who is Jackie Chan?)
(Muzi: Who is Bruce Lee?)

Jet Li

EricMuzy
Triple Stumper
    $1000 8
hot & sour soup

Jodi

Scores at the first commercial break (after clue 15):

Eric Jodi Muzy
-$200 $1,000 -$400

Scores at the end of the Jeopardy! Round:

Eric Jodi Muzy
$2,000 $2,000 $1,400

Double Jeopardy! Round responses

MILITARY MATTERS
WATCH YOUR TONGUE
20th CENTURY SCIENTISTS
BEFORE & AFTER
MY NAME IS ALEX
I'LL BE YOUR WAITER
    $400 8
Napoleon

Eric
    $400 20
Japanese

Eric
    $400 1
(Muzy: What is Oslo?)

Stockholm

EricMuzy
    $400 16
Plymouth Rock & Roll Hall of Fame

Muzy
    $400 6
Alex Haley

Jodi
    $400 25
pepper

Eric
    $800 9
North Korea

Muzy
    $800 21
Norwegian

Eric
    $800 2
Einstein

Eric
    $800 17
Dr. J.D. Salinger

Triple Stumper
    $800 7
Flash Gordon

Eric
    $800 26
à la carte

Eric
    $1200 10
South Korea

Eric
    $2,000 22
German

Eric
    $1200 3
Max Planck

Eric
    $1200 18
Kate Hudson River

Triple Stumper
    $1200 12
Alex Rodriguez

Eric
    $1200 27
gratuity

Eric
    $1600 11
View-Master

Jodi
    $1600 23
Czech

Muzy
    $1600 4
Alexander Fleming

Eric
    $1600 19
Edith Head shop

Triple Stumper
    $1,600 13
basset hound

Eric
    $1600 28
dessert

Eric
    $2000 15
(Alex: The 15th century sailor is Christopher Columbus. The capital is Columbus. The state is [*]. The class is the [*] class.)

Ohio

Triple Stumper
    $2000 24
Afrikaans

Eric
    $2000 5
Hubble

Muzy
    $2000 30
(Alex: I told our writers before the show that this category was very difficult today. I was right.)

Long Tall Sally Jessy Raphael

Triple Stumper
    $2000 14
(Alex) Karras

Eric
    $2000 29
Heimlich Maneuver

Eric

Scores at the end of the Double Jeopardy! Round:

Eric Jodi Muzy
$24,400 $4,000 $5,800
(lock game)

[wagering suggestions for these scores]

Final Jeopardy! Round responses

SPORTS ILLUSTRATED
JodiWho is ?
$0
MuzyWho is Fosbury?
$2,201
EricWho is Bannister?
$7,000
(Roger) Bannister

Final scores:

Eric Jodi Muzy
$31,400 $4,000 $3,599
2-day champion: $55,200 2nd place: $2,000 3rd place: $1,000

Game dynamics:

Coryat scores:

Eric Jodi Muzy
$23,200 $4,000 $5,800
27 R
(including 3 DDs),
3 W
8 R,
2 W
13 R,
6 W

Combined Coryat: $33,000

[game clues] [game scores] [suggest correction]

Game tape date: 2002-02-20
The J! Archive is created by fans, for fans. Scraping, republication, monetization, and malicious use prohibited; this site may use cookies and collect identifying information. See terms. The Jeopardy! game show and all elements thereof, including but not limited to copyright and trademark thereto, are the property of Jeopardy Productions, Inc. and are protected under law. This website is not affiliated with, sponsored by, or operated by Jeopardy Productions, Inc. Join the discussion at JBoard.tv.